| 000 | 01166nam a2200229 i 4500 | ||
|---|---|---|---|
| 001 | 153856 | ||
| 003 | ES-MaACL | ||
| 005 | 20250826051135.0 | ||
| 008 | 981015s1870 sp |||| | spa d | ||
| 040 |
_aCCPB | B _bspa _cCCPB | B |
||
| 245 | 0 | 0 |
_aInstrucción de los libros que deben llevar las intervenciones y cajas de la Administración Económica Provincial _b: de los mandamientos de cargo y data para las cajas y almacenes ; de las cartas de pago, ó sean resguardos por ingresos que se realicen, y de otros varios documentos justificantes de las cuentas / _cDirección General de Contabilidad. |
| 260 |
_aMadrid : _b[s.n.], _c1870 ( _fEstablecimiento tipográfico de T. Fortanet) |
||
| 300 |
_a81, [112] p., [103] h. pleg. ; _c33 cm. |
||
| 530 | _aDisponible en formato digital. | ||
| 594 | _aCertifica la copia Mariano Cancio Villa-amil. | ||
| 597 | _aPort. con esc. real xil. | ||
| 597 | _aTexto con apostillas marginales. | ||
| 650 | 7 |
_aHacienda local- _zEspaña _2 _9163140 |
|
| 852 |
_aES-MaACL _jB-2936 _z-- Enc. hol. |
||
| 856 |
_uhttp://bdh-rd.bne.es/viewer.vm?id=0000187436&page=1 _zBiblioteca Digital Hispánica |
||
| 999 |
_c153856 _d153856 |
||